| 000 | 00941nam a22002897a 4500 | ||
|---|---|---|---|
| 001 | BR7704929 | ||
| 003 | BR-BrBNA | ||
| 005 | 20230928085419.0 | ||
| 007 | ta | ||
| 008 | 230509b bl.||||| |||| 00| 0 por d | ||
| 040 |
_aBR-BrBNA _bpor _cBiblioteca Nacional de Agricultura |
||
| 041 | _a(Por) | ||
| 072 |
_aE15; L00; E70 _b9414 _b/G514 |
||
| 090 | _ 9414 BR7704929 | ||
| 100 | 1 | _aMoraes Neto, J. (ed.) | |
| 110 | 1 |
_aFundacao Instituto Paranaense de Desenvolvimento Economico e Social, Curitiba, PR (Brasil) _94970 |
|
| 245 | 1 | _aEstudos para o desenvolvimento de atividades agricolas e industriais integradas: projetos especiais - desidratacao de leite [Brasil] | |
| 260 | 3 |
_aCuritiba, PR (Brasil): _c1977. |
|
| 300 | _a33 p. | ||
| 500 | _a15 tables | ||
| 650 | _aINDUSTRIA AGRICOLA | ||
| 650 | _aMERCADO | ||
| 650 | _aPROJETO INDUSTRIAL | ||
| 650 | _aLEITE DESIDRATADO | ||
| 909 |
_a202309 _bLucia _c55 _dLucia Elande |
||
| 942 | _cBK | ||
| 999 |
_c24297 _d24297 |
||